01300nam a2200325Ia 4500001001100000003000800011006001900019007001500038008004100053040002100094035002100115050002500136100003200161240004100193245015400234250001200388260005000400300001100450504004100461533015200502650002600654650001500680650001200695655002900707700005700736710002200793710001700815856012500832999001700957ebr5000716CaPaEBRm u cr cn|||||||||100924r20011781inu sb 000 0 eng d aCaPaEBRcCaPaEBR a(OCoLC)68063235314aB2778.E5bM45 2001eb1 aKant, Immanuel,d1724-1804.10aKritik der reinen Vernunft.lEnglish14aThe critique of pure reason : with preface to the first edition, 1781h[electronic resource] /cby Immanuel Kant ; translated by J. M. D. Meiklejohn. a1st ed. a[South Bend, IN] :bInfomotions, Inc.,c2001. a360 p. aIncludes bibliographical references. aElectronic reproduction.bPalo Alto, Calif. :cebrary,d2010.nAvailable via World Wide Web.nAccess may be limited to ebrary affiliated libraries. 0aKnowledge, Theory of. 0aCausation. 0aReason. 7aElectronic books.2local1 aMeiklejohn, J. M. D.q(John Miller Dow),d1830-1902.2 aInfomotions, Inc.2 aebrary, Inc.40uhttp://site.ebrary.com/lib/rucke/Doc?id=5000716zAn electronic book accessible through the World Wide Web; click to view c17903d17903